Constitution of India/ (Record no. 187028)

MARC details
000 -LEADER
fixed length control field 00745nam a22002297a 4500
005 - DATE AND TIME OF LATEST TRANSACTION
control field 20220328142613.0
010 ## - LCCN (DPL NO)
LC control number ENG-132137
020 ## - INTERNATIONAL STANDARD BOOK NUMBER
International Standard Book Number 9789391420192
Terms of availability 549.00
035 ## - SYSTEM CONTROL NUMBER
System control number EN-115669
037 ## - SOURCE OF ACQUISITION
Source of stock number/acquisition DBAD/PUB
082 ## - DEWEY DECIMAL CLASSIFICATION NUMBER
Classification number 342.54
100 ## - MAIN ENTRY--PERSONAL NAME
Personal name Reddy, A. Sarveswara
245 ## - TITLE STATEMENT
Title Constitution of India/
Statement of responsibility, etc A.Sarveswara Reddy, K.Satish and K.Sudha
260 ## - PUBLICATION, DISTRIBUTION, ETC. (IMPRINT)
Place of publication, distribution, etc Hyderabad
Name of publisher, distributor, etc Spectrum Publications
Date of publication, distribution, etc 2021
270 ## - ADDRESS
Address #326/C, Level -4, Surneni Nilayam Near B K Guda Park, S R Nayar
City Hyderabad
Postal code 500038
Telephone number 91-4023710657
Electronic mail address studentshelpline.in@gmail.com
300 ## - PHYSICAL DESCRIPTION
Extent xvi;368p.
Dimensions 24cm(pbk)
600 ## - SUBJECT ADDED ENTRY--PERSONAL NAME
Dates associated with a name Satish, K.
600 ## - SUBJECT ADDED ENTRY--PERSONAL NAME
Dates associated with a name Sudha, K.
700 ## - ADDED ENTRY--PERSONAL NAME
Personal name Satish, K.
700 ## - ADDED ENTRY--PERSONAL NAME
Personal name Sudha, k.
942 ## - ADDED ENTRY ELEMENTS (KOHA)
Source of classification or shelving scheme Dewey Decimal Classification
Item type English Books
Call number suffix RED
Classification part 342.54
Holdings
Withdrawn status Lost status Not for loan Collection code Home library Current library Date acquired Source of acquisition Cost, normal purchase price Full call number Barcode Copy number Cost, replacement price Koha item type
      Non-fiction Central Library Central Library 28/03/2022 DBAD/PUB 549.00 342.54 RED EN-115669 1 549.00 English Books

© Delhi Public Library
Hit Counter
free hit counter